LEADER 01308nam a2200253 4500 001 000000353375 003 CaOOAMICUS 005 20230403155624.0 008 230403s1844 it f 000 u ita r 040 $aSeMil$bita 100 1 $aVilla, Antonio,$d<1806-1885>.$0(OLS)http://semarc/name/21358 245 10$aSulla costituzione geologica e geognostica della Brianza e segnatamente sul terreno cretaceo /$cmemoria di Antonio e Giovanni Battista Villa. 264 1$aMilano :$bEditori dello Spettatore Industriale,$c1844. 300 $a46 p., 3 carte di tav. ripieg. :$bill. ;$c25 cm 500 $aEstratto dallo: Spettatore Industriale, n. 1-2 (1844) 650 4$aBrianza.$0(OLS)http://semarc/subject/5843 700 1 $aVilla, Giovanni Battista,$d<1810-1887>.$0(OLS)http://semarc/name/117381 850 $aSeMil 852 $aSeMil$W1$xVenegono$y1$m5B III 10/8$j239264$B244593$CSeMilBibl$Z2$F244593 $8I 961 $aRecupero da Biblioteca Seminario Liceale Monza 961 $aEtichetta della Biblioteca del Seminario Liceale di Monza 996 $6245$aSulla costituzione geologica e geognostica della Brianza e segnatamente sul terreno cretaceo$9(OLS)http://semarc/title/443397 996 $6264$aMilano :$bEditori dello Spettatore Industriale$9(OLS)http://semarc/publisher/36619